| 000 | 00384nam a2200109Ia 4500 | ||
|---|---|---|---|
| 008 | 220214s9999 xx 000 0 und d | ||
| 245 | 0 | _aAccounts relating to the foreign (sea, air and land) trade and navigation of India | |
| 260 |
_bDept of Commercial Intelligence and Statistics _aIndia |
||
| 500 | _aEnding Volume & Year: 1955, | ||
| 500 | _aStarting Volume & Year: 1950, | ||
| 942 | _cBJ | ||
| 999 |
_c709 _d709 |
||